00493nam a2200193Ia 450000500170000000800410001702000180005804000190007604100120009508200160010710000140012324500490013726000330018630000100021944000250022950400190025465000150027385000110028820240322123341.0131103s9999 xx 000 0 und d a0 00 636690 2 aLoreto College aEnglish a155.4 bBOW aBower,Tom 4aThe Perceptual World of the ChildcTom Bower aGreat BritainbFontanac1977 a92p.  aThe developing child aIncludes index aPsychology aLCBED